| 000 | 00625nam a2200193 a 4500 | ||
|---|---|---|---|
| 001 | 0233 | ||
| 005 | 20140414131850.0 | ||
| 008 | 040902s19uu xx 00 eng d | ||
| 020 | _a0-439-26707-2 | ||
| 050 |
_aM 551.4 _bM37 2002 |
||
| 100 | _aMasoff, Joy | ||
| 245 |
_aEverest : _cJoy Masoff. _breaching for the sky / |
||
| 260 |
_aAustralia : _bScholastic Reference, _c2002. |
||
| 300 | _a48 p. : ill. ; cm. | ||
| 440 | _aScholastic History Readers, Level 3 | ||
| 520 | _aEverest the tallest mountain on Earth, soars high above the tiny country of Nepal. | ||
| 650 |
_aMountains _xJuvenile literature. |
||
| 999 |
_c110138 _d110138 |
||